| 000 | 02694cam a2200781 a 4500 | ||
|---|---|---|---|
| 001 | 21358 | ||
| 003 | VRT | ||
| 005 | 20260227151720.0 | ||
| 008 | 240318s2017 xo o b f 000 0 slo | ||
| 015 | _aSNBA2017/10 | ||
| 020 |
_a9788056600870 _q(viaz.) |
||
| 035 | _aurn:nbn:sk:snk-am00d5s4 | ||
| 035 | _aurn:nbn:sk:snk-am3hqmt | ||
| 035 | _a0ADEC5F0-3BB7-4506-AFE5-347126889E1F | ||
| 039 | 9 |
_a202403182109 _bVLOAD _c202002051905 _dVLOAD _c201801191047 _dmvthk03 _c201801161026 _dVLOAD |
|
| 040 |
_aMIZKGZ _bslo _cMIZKGZ _dSNK _dSVKBB _eAACR2 |
||
| 041 | 0 | _aslo | |
| 044 |
_axo _cSK |
||
| 072 | 7 |
_a74 _xKresba. Umelecké remeslá _2konspekt |
|
| 072 | 7 |
_a0/9-053.2 _xLiteratúra pre deti a mládež (náučná) _2konspekt |
|
| 080 |
_a746 _22011 |
||
| 080 |
_a159.954 _22011 |
||
| 080 |
_a(083.12) _22011 |
||
| 080 |
_a688.78/.79 _22011 |
||
| 080 |
_a(0.05) _22011 |
||
| 080 |
_a(035) _22011 |
||
| 100 | 1 |
_aŠebová, Janka _4aut |
|
| 245 | 1 | 0 |
_aNápady a recepty zo Zázračného ateliéru _cJanka Šebová a Tomáš Šebo ; [photos Šimon Šebo] |
| 250 | _a1. vyd. | ||
| 260 |
_aV Bratislave _bAlbatros _bAlbatros Media Slovakia _c2017 |
||
| 300 |
_a94, [1] s. _bfotogr. _c26 cm |
||
| 500 | _aHrebeňová väzba | ||
| 500 | _aPodľa známej detskej relácie RTV Rozhlas a televízia Slovenska | ||
| 500 | _aVydalo vydavateľstvo Albatros v Bratislave v spoločnosti Albatros Media Slovakia | ||
| 521 | 1 | _aPre čitateľov od 5 rokov | |
| 650 | 0 | 7 |
_aručné práce _2SNKPH |
| 650 | 0 | 7 |
_adekoračné predmety _2SNKPH |
| 650 | 0 | 7 |
_aFancy works _2SNKPHeng |
| 650 | 0 | 7 |
_aDecorative articles _2SNKPHeng |
| 650 | 0 | 7 |
_aCreative ability _2SNKPHeng |
| 650 | 0 | 7 |
_akreativita _2SNKPH |
| 655 | 7 |
_akuchárske recepty _2SNKPH |
|
| 655 | 7 |
_aCookbooks _2SNKPHeng |
|
| 655 | 7 |
_apublikácie pre deti _2SNKPH |
|
| 655 | 7 |
_aChildren's literature _2SNKPHeng |
|
| 655 | 7 |
_apríručky _2SNKPH |
|
| 655 | 7 |
_aHandbooks, manuals, etc. _2SNKPHeng |
|
| 700 | 1 |
_aŠebo, Tomáš _4aut |
|
| 700 | 1 |
_aŠebo, Šimon _4pht |
|
| 752 |
_aSlovensko _dBratislava |
||
| 910 | _amizkgz | ||
| 910 | _asllk | ||
| 910 | _apokpoh | ||
| 910 | _apppk | ||
| 910 | _ahevk | ||
| 910 | _asnk | ||
| 910 | _atotk | ||
| 910 | _abin | ||
| 910 | _avthk | ||
| 942 |
_2ddc _cOLDE _n0 |
||
| 949 |
_62889334855 _asavukPV 25728 _bsavuk2018/686 |
||
| 949 |
_617A1272716 _asnkSB 91994 _bsnk2017/21421 _o2017/17 _s6100:20171018 |
||
| 949 |
_617A1272717 _asnkSB 91994 D1 _bsnk2017/21422 _o2017/17 |
||
| 949 |
_63870A25113 _abinT G9 275 _bbin25113 |
||
| 949 |
_6270001000581671 _asvkbbB 57481 _bsvkbbm 772633 |
||
| 949 |
_6273K0626555 _asvkpoC 58796 _bsvkpo623986 |
||
| 999 |
_c21358 _d21358 |
||